| 000 | 01283nam0a2200313 i 4500 | ||
|---|---|---|---|
| 001 | RU\NLR\BIBL_A\010880600 | ||
| 005 | 20241103084947.0 | ||
| 010 |
_a9785222254257 _93000 |
||
| 021 |
_aRU _b2015-78694 _94763 |
||
| 035 | _a(NILC)RuMoRGB-008042228 | ||
| 035 | _a(NLR Aleph) 010880600 | ||
| 090 |
_a10502460 _c10502460 |
||
| 100 | _a20151103d2015 km y0rusy50 ca | ||
| 101 | 0 | _arus | |
| 102 | _aRU | ||
| 105 | _aa|||z|||000yy | ||
| 200 | 1 |
_aБуквограмма. В школу с радостью _eкоррекция и развитие письменной и устной речи у детей от 5-ти до 14-ти лет _fС. Ю. Шишкова |
|
| 205 | _aИзд. 3-е | ||
| 210 |
_aРостов-на-Дону _cФеникс _d2015 |
||
| 215 |
_a156 с. _cил. _d20 |
||
| 300 | _aНа 4-й с. обл. авт.: Шишкова С.Ю. - к.психол.н., психолог, нейропсихолог, преп. | ||
| 320 | _aБиблиогр.: с. 153-154 | ||
| 606 |
_aДетская речь _xДефекты _xИсправление _9912352 _3RU\NLR\AUTH\66333362 |
||
| 686 | 1 | _aЧ437.92 | |
| 700 | 1 |
_aШишкова _bС. Ю. _gСветлана Юлиановна |
|
| 801 | 0 |
_aRU _bРГБ _c20151013 _gRCR |
|
| 942 | _cBOOK | ||
| 980 | _aNBR | ||